Locas de amor. Romances nacionales

Gespeichert in:
Bibliographische Detailangaben
1. Verfasser: Figueroa, Pedro Pablo (VerfasserIn)
Format: Buch
Sprache:Spanisch
Veröffentlicht: Santiago Imprenta Victoria, calle de San Diego 1887
Ausgabe:1a. ed
Schlagworte:
Tags: Tag hinzufügen
Keine Tags, Fügen Sie den ersten Tag hinzu!

MARC

LEADER 00000nam a2200000 a 4500
001 UCJ6309
003 CL-VaPUC
008 070124e18870000CL |||||||||||||||||spa|d
082 0 4 |a Ch863  |b FIG  |2 21 
100 0 |a Figueroa, Pedro Pablo  |e author  |9 504749 
245 1 0 |a Locas de amor. Romances nacionales 
246 1 3 |a Un drama en el mar 
246 1 3 |a La flor del desierto 
246 1 0 |a Amor y religión 
250 |a 1a. ed 
300 |a 74 p 
942 |c BK 
945 |d 20070124 00:00:00  |a rinostro 
260 |a Santiago  |b Imprenta Victoria, calle de San Diego  |c 1887 
500 |a Advierte errata. Empastado junto a otros títulos en un volumen rotulado P. P. Figueroa: Folletos varios; ubicado en 983 FIG 
650 0 |a Cuento chileno  |9 352824 
650 7 |a MINEROS  |2 CL-VaPUC  |9 318252 
650 7 |a DERROTEROS  |2 CL-VaPUC  |9 266453 
650 7 |a LEYENDAS  |2 CL-VaPUC  |9 265258 
651 0 |a Atacama   |9 319604 
583 |a last modification  |c 20070124 00:00:00  |k Rodrigo Vera 
999 |c 322417  |d 322415 
952 |0 0  |1 0  |4 0  |6 CH_863_000000000000000_FIG_1887  |7 0  |8 X  |9 401403  |a FDOBUD  |b FDOBUD  |d 2019-11-22  |i 1046632  |o Ch863 FIG 1887  |p 1046632  |r 2019-11-22  |w 2019-11-22  |y BK_X  |k BUD